Vista normal
Vista MARC
Entrada Personal Name
Número de registros utilizados en: 2
001 - CONTROL NUMBER
- control field: 2792
003 - CONTROL NUMBER IDENTIFIER
- control field: DLC
005 - DATE AND TIME OF LATEST TRANSACTION
- control field: 20260226133020.0
008 - FIXED-LENGTH DATA ELEMENTS
- fixed length control field: 091027n| azannaabn |n aaa
010 ## - LIBRARY OF CONGRESS CONTROL NUMBER
- LC control number: n 2009068881
035 ## - SYSTEM CONTROL NUMBER
- System control number: (OCoLC)oca08286807
040 ## - CATALOGING SOURCE
- Original cataloging agency: DLC
- Language of cataloging: spa
- Description conventions: rda
- Transcribing agency: Mx-PuUPA
- Modifying agency: DLC
- Modifying agency: NjBlaOCU
- Modifying agency: ICrlF
- Modifying agency: Mx-PuUPA
046 ## - SPECIAL CODED DATES
- Birth date: 19740419
- Source of date scheme: edtf
053 #0 - LC CLASSIFICATION NUMBER
- Classification number element--single number or beginning number of span: PQ2713.A374
100 1# - HEADING--PERSONAL NAME
- Personal name: Malzieu, Mathias,
- Dates associated with a name: 1974-
370 ## - ASSOCIATED PLACE
- Place of birth: Montpellier (Francia)
- Place of residence/headquarters: Paris (Francia)
- Source of term: naf
372 ## - FIELD OF ACTIVITY
- Field of activity: Música
- Field of activity: Ciencia ficción
- Field of activity: Ficción fantástica
- Source of term: lcsh
374 ## - OCCUPATION
- Occupation: Autor
- Occupation: Músico
- Source of term: lcsh
375 ## - GENDER
- Gender: hombre
- Source of term: lcsh
377 ## - ASSOCIATED LANGUAGE
- Language code: fre
670 ## - SOURCE DATA FOUND
- Source citation: The boy with the cuckoo-clock heart, 2010:
- Information found: E-Cip t.p. (Mathias Malzieu) bk. t.p. (Mathias Malzieu) about the author (b. 1974 in Montpellier; lives in Paris)
670 ## - SOURCE DATA FOUND
- Source citation: Wikipedia, Mar. 9, 2017
- Information found: (Mathias Malzieu (born 1974), the lead singer of the French band Dionysos, co-founded the group in 1993 when he lived in Valence in Drôme. Three of his school-friends (Eric Serra Tosio, Michael Ponton and Guillaume Garidel), comprised the original band membership. Also known as : Mathias ; Born: 16 April 1974 (age 42) ; Origin: Montpellier, Occitanie, France ; Genres: Rock, Art rock, Alternative rock ; Occupation(s): musician, author ; Instruments: Vocals, Guitar, Ukulele ; Years active: 1993-present ; Labels: Barclay ; Associated acts: Dionysos ; Malzieu has written the following books: 38 mini westerns avec des fantômes (2002) Maintenant qu'il fait tout le temps nuit sur toi (2005) La mécanique du cœur (2007); English translation titled The Boy with the Cuckoo-Clock Heart released in September 2009 Métamorphose en bord de ciel (2011 Le Plus Petit Baiser Jamais Recensé (2013) Diary of a Vampire in Pyjamas (2017) ; Together with Stephanie Berla he directed the movie "Jack and the Cuckoo-Clock Heart.")